| 000 | 004250000a22001690004500 | ||
|---|---|---|---|
| 003 | MACL | ||
| 005 | 20151230125626.0 | ||
| 008 | 151230b xxu||||| |||| 00| 0 eng d | ||
| 040 |
_aMACL _cMACL |
||
| 041 | _aEnglish | ||
| 082 | _a301/WAL | ||
| 100 |
_aWales, H G Quaritch _924801 |
||
| 245 | _aThe Making of Greater India | ||
| 260 |
_bBernard Quaritch Ltd _c1951 |
||
| 650 |
_aSociology _924802 |
||
| 942 |
_cBK _k301/WAL _2ddc |
||
| 999 |
_c35227 _d35227 |
||